| 000 | 01063cam a2200289 i 4500 | ||
|---|---|---|---|
| 001 | 1071889 | ||
| 003 | EG-ScBUE | ||
| 005 | 20260104101613.0 | ||
| 008 | 911031s1992 ne a f b 001 0 eng | ||
| 020 | _a0444887733 (acidfree paper) | ||
| 040 |
_aEG-ScBUE _beng _erda _cEG-ScBUE _dEG-ScBUE |
||
| 082 | 0 | 4 |
_a548.842 _222 _bELA |
| 245 | 0 | 0 |
_aElastic strain fields and dislocation mobility / _cvolume editors, V. L. Indenbom, Moscow, USSR, J. Lothe, Oslo, Norway. |
| 264 | 1 |
_aAmsterdam : _bNorth-Holland, _c1992. |
|
| 300 |
_axiii, 777 pages : _billustrations ; _c25 cm. |
||
| 336 |
_2rdacontent _atext _btxt |
||
| 337 |
_aunmediated _2rdamedia _bn |
||
| 338 |
_avolume _bnc _2rdacarrier |
||
| 490 | 0 |
_aModern problems in condensed matter sciences ; _vvolume 31 |
|
| 504 | _aIncludes bibliographical references and index. | ||
| 650 | 7 |
_aDislocations in crystals. _94573 _2BUEsh |
|
| 650 | 7 |
_aStrains and stresses. _94574 _2BUEsh |
|
| 655 | _vReading book | ||
| 700 | 1 |
_aIndenbom, V. L., _94575 _eeditor. |
|
| 700 | 1 |
_aLothe, Jens, _94576 _eeditor. |
|
| 942 |
_2ddc _cBB |
||
| 999 |
_c11494 _d11494 |
||